000 00985nam2a2200241 4500
001 RU\NLR\bibl\1085249
005 20250615051202.0
021 _aRU
_b2007-21640
_91139
035 _a(NLR Aleph) 001072412
090 _a1007125
_c1007125
100 _a20070514d2006 |||y0rusy50 ca
101 0 _arus
102 _aRU
105 _ay |||||||||
200 0 _aЧ. 1
210 _d2006
_aБ. м.
215 _a134,[1] с.
461 0 _1001RU\NLR\bibl\1098821
_12001#$aРатификация международных договоров Российской Федерации$vЧ. 1
_91087921
_cМосква
_d2006
_fФедер. Собр. Рос. Федерации, Гос. Дума
_nиздание Государственной Думы
_o[сборник]
_tРатификация международных договоров Российской Федерации
_vЧ. 1
801 0 _aRU
_bNLR
_c20070514
_gRCR
801 1 _aRU
_bNLR
_c20070514
942 _cBOOK
980 _aNB